Le culte de la violence (Record no. 171433)

MARC details
000 -LEADER
campo de control de longitud fija 00605nam a22001695i 4500
001 - NÚMERO DE CONTROL
campo de control 171433
003 - IDENTIFICADOR DE NÚMERO DE CONTROL
campo de control ES-MaACL
005 - FECHA Y HORA DE LA ÚLTIMA TRANSACCIÓN
campo de control 20230906214631.0
008 - DATOS DE LONGITUD FIJA--INFORMACIÓN GENERAL
campo de control de longitud fija 090514s1918 fr |||| | fre d
100 1# - ENTRADA PRINCIPAL--NOMBRE DE PERSONA
Nombre de persona Sohr, Frédéric.
9 (RLIN) 140142
245 13 - MENCIÓN DEL TÍTULO
Título Le culte de la violence
Resto del título : notes à propos du manuel allemand "L'Interprète militaire" du capitaine von Scharfenort /
Mención de responsabilidad, etc. par Frédéric Sohr.
260 ## - PUBLICACIÓN, DISTRIBUCIÓN, ETC.
Lugar de publicación, distribución, etc. Le Havre :
Nombre del editor, distribuidor, etc. [s.n.],
Fecha de publicación, distribución, etc. 1918 (
Fabricante Impr. du "Havre-Éclair)
300 ## - DESCRIPCIÓN FÍSICA
Extensión 15 p. ;
Dimensiones 23 cm.
650 04 - PUNTO DE ACCESO ADICIONAL DE MATERIA--TÉRMINO DE MATERIA
Término de materia o nombre geográfico como elemento de entrada Guerra mundial, 1914-1918.
9 (RLIN) 13212
650 04 - PUNTO DE ACCESO ADICIONAL DE MATERIA--TÉRMINO DE MATERIA
Término de materia o nombre geográfico como elemento de entrada Violencia.
9 (RLIN) 17812
852 ## - LOCALIZACIÓN
Ubicación ES-MaACL
Número de control de estantería 1565-F-17
Holdings
Estatus retirado Estado de pérdida Estado de daño No para préstamo Colección Biblioteca de origen Biblioteca actual Ubicación en estantería Fecha de adquisición Fuente de adquisición Total de préstamos Signatura topográfica completa Código de barras Visto por última vez Precio de reemplazo Tipo de ítem Koha
        Colección de folletos Biblioteca del Ateneo de Madrid Biblioteca del Ateneo de Madrid Depósito folletos 14/05/2009     1565-F-17 1179910 23/02/2023 23/02/2023 Folleto